000 00383nam a22001457a 4500
008 250623b |||||||| |||| 00| 0 eng d
020 _a9789351112693
050 _aS495
_b.B36
100 _aBanerjee Debashish
245 _aAgricultural geography
260 _aNew Delhi
_bRandom publications
_c2014
300 _axii,320p.
_bill.
650 _aAgricultural geography
942 _cBK
999 _c3933
_d3933